[Event "SEMI B049 email"]
[Site "SEMI email"]
[Date "2005.09.01"]
[Round "?"]
[White "Vigorelli, Antonio"]
[Black "Corradetti, Roberto"]
[Result "0-1"]
[WhiteElo "1000"]
[BlackElo "1200"]
[PlyCount "30"]
[EventDate "2005.09.01"]
[EventType "tourn (corr)"]
[EventRounds "6"]
[EventCountry "ITA"]
[SourceTitle "Corr 2008"]
[Source "ChessBase"]
[SourceDate "2008.06.24"]
[SourceVersion "1"]
[SourceVersionDate "2008.06.24"]
[SourceQuality "1"]

1. e4 e5 2. Nc3 Nf6 3. Nf3 Nc6 4. Bb5 Bc5 5. Nd5 Nxe4 6. 0-0 0-0 7. d3 Nxf2 8. Qe2 Nxd3+ 9. Be3 Bxe3+ 10. Qxe3 Nxb2 11. Ng5 a6 12. Qc5 axb5 13. Qxf8+ Qxf8 14. Rxf7 Qc5+ 15. Ne3 Qxe3+ 0-1

[Event "SEMI B049 email"]
[Site "SEMI email"]
[Date "2005.09.01"]
[Round "?"]
[White "Vigorelli, Antonio"]
[Black "Pivirotto, Filiberto"]
[Result "0-1"]
[WhiteElo "1000"]
[BlackElo "1300"]
[PlyCount "34"]
[EventDate "2005.09.01"]
[EventType "tourn (corr)"]
[EventRounds "6"]
[EventCountry "ITA"]
[SourceTitle "Corr 2008"]
[Source "ChessBase"]
[SourceDate "2008.06.24"]
[SourceVersion "1"]
[SourceVersionDate "2008.06.24"]
[SourceQuality "1"]

1. e4 Nf6 2. Nc3 e5 3. f3 Bc5 4. Nge2 Nc6 5. Na4 Be7 6. Nec3 0-0 7. Bc4 a6 8. Nd5 b5 9. Nab6 cxb6 10. Nxb6 Qxb6 11. Bb3 Bb7 12. c3 d5 13. exd5 Na5 14. d4 exd4 15. a4 Nxb3 16. Qxb3 Bxd5 17. Qc2 Rfe8 0-1